| 000 | 00469nam a2200193Ia 4500 | ||
|---|---|---|---|
| 005 | 20250326141611.0 | ||
| 008 | 250326s9999 xx 000 0 und d | ||
| 037 | _aTextbook | ||
| 040 |
_aFMSL _beng _cFMSL |
||
| 041 |
_aeng _2eng |
||
| 084 | _qFMSL | ||
| 100 | _aBhatia H L | ||
| 245 | 0 |
_aPublic Fice _cBhatia H L |
|
| 250 | _a15th | ||
| 260 |
_aNew Delhi _bNew Delhi, Vikas Pub. House _c1990 |
||
| 300 | _a676p | ||
| 942 | _cTB | ||
| 999 |
_c1291090 _d1291090 |
||